| 000 | 00862nam a22002177a 4500 | ||
|---|---|---|---|
| 003 | UA-OsUOA | ||
| 001 | 108988 | ||
| 007 | ta | ||
| 008 | 20141125b un ||||| |||| 00| 0 ukr d | ||
| 100 | _aМанян Л. | ||
| 090 |
_a82 _bМ24 |
||
| 942 | _cSA | ||
| 040 |
_aUA-OsUOA _bukr _cUA-OsUOA _dUA-OsUOA |
||
| 245 | _aАналіз творчості Богдана-Ігоря Антонича. Аполітичність, наскрізна життєствердність, метафоричність і міфологізм поезій "Автопортрет", "Зелена Євангелія" | ||
| 300 | _aС.25-29 | ||
| 955 | _a0 | ||
| 041 | _aukr | ||
| 080 | _a82 | ||
| 773 | 0 |
_w108987 _tУкраїнська мова та література _dК. _d2014 _g21 |
|
| 650 | 7 |
_a82 Література. Літературознавство _2UDC |
|
| 999 |
_c395081 _d395081 |
||